| 000 | 01748nam a2200409 i 4500 | ||
|---|---|---|---|
| 003 | EG-GICUC | ||
| 005 | 20260121101649.0 | ||
| 008 | 260105s1929 fr c|||fr|||| 001 0 fre d | ||
| 040 |
_aEG-GiCUC _bfre _cEG-GiCUC _dEG-GiCUC _eRda |
||
| 041 | _afre | ||
| 082 | 0 | 4 |
_221 _a341.1 _bRE |
| 092 | 0 | 4 | _221 |
| 099 | _aLaw1 11 341.1 RE 1929 | ||
| 245 | 0 | 0 |
_aRecueil Des Cours. _n1928, Tome 25. |
| 264 | 1 |
_aParis : _bHachette, _c1929. |
|
| 300 |
_a576 pages : _bportraits ; _c 24 cm. |
||
| 336 |
_2rda contenu _a texte |
||
| 337 |
_2rda medias _aOrdinateur |
||
| 338 |
_2 transporteur rda _a Ressource en ligne |
||
| 490 | 0 |
_aAcadémie de droit international ; _v1928,t. 25. |
|
| 500 | _a1928 V | ||
| 500 | _aAt head of title: Académie de droit international. | ||
| 504 | _aIncludes bibliographical references and index. | ||
| 505 | _aContient les cours de l'Académie y compris : La coopération internationale en matière fiscale / par Luigi Einaudi -- Les conflits de lois en matière de contrats de vente de biens meubles corporels / par Algot Bagge -- Les progrès de l'arbitrage obligatoire depuis la création de la Société des nations / par Dietrich Schindler -- Les travaux de la société des nations en matière de désarmement / par L. de Brouckère. | ||
| 546 | _aTexte en français | ||
| 650 | 1 | 4 |
_aArbitration (International law) _2qrmak |
| 650 | 1 | 4 |
_aPersonal property _2qrmak |
| 651 | 1 | _2qrmak | |
| 700 | 1 |
_aEinaudi, Luigi, _eAuteur |
|
| 700 | 1 |
_aBagge, Algot, _eAuteur |
|
| 700 | 1 |
_aSchindler, Dietrich, _eAuteur |
|
| 700 | 1 |
_aBrouckère, Louis de, _eAuteur |
|
| 710 | _aAcadémie De Droit International | ||
| 856 | 4 | 0 | _uhttps://fll.law.cu.edu.eg/fulltext/bks/B11-05944.pdf |
| 905 | _a75 | ||
| 942 |
_2ddc _n0 _cBK _e21 |
||
| 999 |
_c54639 _d54639 |
||